000 00748nam a2200193Ia 4500
999 _c40609
_d40609
001 7236
003 GE_BSU
005 20230830152441.0
008 181216s2001||||ge |||||||||||||| ||geo||
040 _cGE_BSU
041 _ageo
080 _a32.01 მ-25
100 _aმამუკელაშვილი, ელგუჯა
_919545
245 _aპოლიტოლოგია :
_bსახელმძღვ. /
_cელგუჯა მამუკელაშვილი.
264 _aთელავი :
_bი. გოგებაშვილის სახ. თელავის სახელმწ. უნ-ტი,
_c2001.
300 _a471 გვ. ;
_c 20 სმ.
653 _aპოლიტოლოგია
942 _cBK
_2udc